• 首页
  • 本馆介绍
  • 公告通知
  • 最新文献
  • 馆藏检索
  • 电子资源
  • 读者导购
  • 参考咨询
  • 我的图书馆
  • 登录
  • 详细信息显示
  • 放入我的书架
  • 预约/预借图书
  • 作者相关作品
  • 分类相关作品
  • 丛书相关作品
  • 出版社相关作品

书目信息

  • 表格格式
  • 工作单格式
  • 卡片格式
题名:
万能显微镜的调整与修理
    
 
作者: 埃尔瓦伊斯 著 ;董维新 , 吴荣光 译
分册:  
出版信息: 北京   国防工业出版社  1958
页数: 138页
开本: 20cm
丛书名:
单 册:
中图分类: TH741.8
科图分类:
主题词: 光学仪器
电子资源:
ISBN:
000 00709nam0 2200217 450
001 0637775478
005 20060414103259.45
010    @dCNY0.70
100    @a20060414d1958 km y0chiy0120 ea
101 0  @achi
102    @aCN@b110000
200 1  @a万能显微镜的调整与修理@Awan neng xian wei jing de diao zheng yu xiu li@fА·В·埃尔瓦伊斯著@FА·В·ai er wa yi si zhu@g董维新,吴荣光译@Gdong wei xin,wu rong guang yi
210    @a北京@c国防工业出版社@d1958
215 1  @a138页@d20cm
606 0  @a光学仪器
690    @aTH741.8@v4
701  0 @a埃尔瓦伊斯@Aai er wa yi si@4著
702  0 @a董维新@Adong wei xin@4译
702  0 @a吴荣光@Awu rong guang@4译
801  0 @aCN@bPFT@c20060414
905    @a10447@dTH741.8@e8
    
    万能显微镜的调整与修理/А·В·埃尔瓦伊斯著/董维新,吴荣光译.-北京:国防工业出版社,1958
    138页;20cm
    
    
    ISBN :CNY0.70
    
●
相关链接 在E读中查询图书 在五车中查询图书 在当当中查询图书 在豆瓣中查询图书


正题名:万能显微镜的调整与修理     索取号:TH741.8/8         预约/预借

序号 登录号 条形码 馆藏地/架位号 状态 备注
1 0017864   202258742   密集书库/ [索取号:TH741.8/8] 在馆    
唐山师范学院图书馆 欢迎您!
大连网信软件有限公司© 版权所有